| 000 | 00530 a2200145 4500 | ||
|---|---|---|---|
| 020 | _a0471104523 | ||
| 082 | _a378.73 | ||
| 090 |
_c1412 _d1412 |
||
| 100 | _aCoopers | ||
| 245 |
_aReinventing the University: Managing and Financing Institutions of Higher Education (Wiley Nonprofit Law, Finance and Management Series) _bManaging and Financing Institutions of Higher Education _cCoopers & Lybrand LLP |
||
| 260 |
_aNew York _bJohn Wiley & Sons,Inc. _c1995 |
||
| 300 | _a401p | ||
| 500 | _aHard cover | ||
| 942 |
_aNBS _cBK _k378.73 JOH |
||
| 999 |
_c343934 _d343934 |
||